000 01191cam a2200385 a 4500
001 22429
003 SK-KTurca
005 20260328110529.0
008 150827s2012 xo g 000 f slo
015 _aSNBA2012/12-05906
020 _a9788055129464
_q(viaz.)
035 _a39211316-D2EA-4B3B-9916-9E29E967D186
035 _aurn:nbn:sk:snk-amjl2r
035 _aurn:nbn:sk:snk-am002ch2
040 _aSNK
_bslo
_cSNK
_eAACR2
041 1 _aslo
_heng
044 _axo
_cSK
072 7 _a821.111(73)-3
_xAmerická próza
_2konspekt
080 _a821.111(73)-31
_22001
080 _a(0:82-312.5)
_22001
100 1 _aCarr, Robyn,
_d1951-
_4aut
240 1 0 _aShelter mountain
_lSlovensky
245 1 0 _aBezpečné miesto
_cRobyn Carrová ; z anglického originálu Shelter mountain ... preložila Diana Ghaniová
250 _a[1. vyd.]
260 _aBratislava
_bIkar
_c2012
300 _a311 s.
_c21 cm
490 1 _aVirgin River
655 7 _aamerické romány
_2SNKPH
655 7 _aľúbostné romány
_2SNKPH
655 7 _aAmerican fiction
_2SNKPHeng
655 7 _aLove novels
_2SNKPHeng
700 1 _aGhaniová, Diana
_4trl
830 0 _aVirgin River
942 _2ddc
_cKLDO
_n0
999 _c22429
_d22429